| 000 | 00931cam a22002651 4500 | ||
|---|---|---|---|
| 001 | he 67000587 | ||
| 003 | DLC | ||
| 005 | 20260227111445.0 | ||
| 008 | 861217m19591989is 001 0 heb | ||
| 010 | _ahe 67000587 | ||
| 040 |
_aDLC _cDLC _dDLC |
||
| 050 | 0 | 0 |
_aBM522.87 _b.T38 |
| 100 | 1 | _aShṭern, Betsalʼel. | |
| 240 | 1 | 0 | _aBe-tsel ha-ḥokhmah |
| 245 | 1 | 0 |
_aSefer Be-tsel ha-ḥokhmah; _bkolel sheʼelot u-teshuvot u-verure halakhot ha-nogʻot le-arbaʻah ḥelḳe ha-Shulḥan ʻarukh _c[me-et] Betsalʼel Shṭern. |
| 260 |
_aYerushala[y]im, _c719-750 [1959-1989] |
||
| 300 |
_a6 v. _c35 cm. |
||
| 500 | _aCover title: Sheʼelot u-teshuvot Be-tsel ha-ḥokhmah. | ||
| 500 | _aSpine title: Shut Be-tsel ha-ḥokhmah. | ||
| 500 | _aIncludes index. | ||
| 650 | 0 |
_aResponsa _y1800- |
|
| 740 | 0 | _aBe-tsel ha-ḥokhmah. | |
| 740 | 0 | _aSheʼelot u-teshuvot Be-tsel ha-ḥokhmah. | |
| 740 | 0 | _aShut Be-tsel ha-ḥokhmah. | |
| 999 |
_c32258 _d32258 |
||